Farms
| Format: | Book |
|---|---|
| Published: |
s.l. :
Macmillan ,
1985
|
| Series: | My first library
|
| Subjects: |
MARC
| LEADER | 00000cam a2200000 7i4500 | ||
|---|---|---|---|
| 001 | 0000007800 | ||
| 002 | 000008370 | ||
| 005 | 20000330.0 | ||
| 020 | |a 0750003359 | ||
| 090 | 0 | 0 | |a J 001 |b FIR |
| 245 | 1 | 0 | |a Farms |
| 260 | |a s.l. : |b Macmillan , |c 1985 | ||
| 300 | |a 31 p. : |b ill. ; |c 21 cm. | ||
| 490 | 0 | |a My first library | |
| 650 | 0 | 0 | |a Farms |x Juvenile literature |
| 999 | |a 024066 |b BUKU |c PINJAMAN |e PERPUSTAKAAN KOMUNITI PETALING JAYA | ||